Security in South Asia: Cross border analysis (Record no. 105959)

MARC details
000 -LEADER
fixed length control field 00368nam a2200145Ia 4500
008 - FIXED-LENGTH DATA ELEMENTS--GENERAL INFORMATION
fixed length control field 230917s9999||||xx |||||||||||||| ||und||
040 ## - CATALOGING SOURCE
-- 126269
Original cataloging agency VIVEKANANDA LIBRARY
041 ## - Language
-- English
082 ## - DDC NUMBER
Classification number 327.116 M687S
100 ## - MAIN ENTRY--PERSONAL NAME
Personal name Mishra, R C
245 #0 - TITLE STATEMENT
Title Security in South Asia: Cross border analysis
260 ## - PUBLICATION, DISTRIBUTION, ETC. (IMPRINT)
Place of publication, distribution, etc Delhi
Name of publisher, distributor, etc Authors Press
Date of publication, distribution, etc 2000
300 ## - PHYSICAL DESCRIPTION
Pages 344 p.
942 ## - ADDED ENTRY ELEMENTS (KOHA)
Koha item type Books
Holdings
Withdrawn status Lost status Damaged status Not for loan Location (home branch) Sublocation or collection (holding branch) Date acquired Koha issues (times borrowed) Koha full call number Accession No. Koha date last seen Koha item type
        VIVEKANANDA LIBRARY VIVEKANANDA LIBRARY 18/01/2010 1 327.116 M687S 191451 20/04/2024 Books
        VIVEKANANDA LIBRARY VIVEKANANDA LIBRARY 18/01/2010   327.116 M687S 191452 17/09/2023 Books
        VIVEKANANDA LIBRARY VIVEKANANDA LIBRARY 18/01/2010   327.116 M687S 191453 17/09/2023 Books
© Designed and Maintained by Vivekananda Library, MDU Rohtak